00545nam a22001817a 4500020001800000082002000018100001700038245006400055250000600119260003500125300001000160650001300170650002300183650002100206942000700227999001900234952011000253 a9789390790913 aM 001.42bASH/G aAshok D'cruz aGaveshanavum prasideekarana nythikathayum/cby Ashok Decruz a8 aKozhikode:bAtma books,c2025. a166p. aResearch aPublication ethics aPhD course work  cBK c181926d181926 00104070aSSUSbSSUScSTACKSd2026-06-02g330.00l0oM 001.42 ASH/Gp109069r2026-06-02w2026-06-02yBK